|
|
|
|
| LEADER |
01382pam a22004338a 4500 |
| 001 |
00033438 |
| 005 |
20171026081025.0 |
| 008 |
150911s2007 ||||||Engsd |
| 020 |
# |
# |
|c 30000
|
| 041 |
0 |
# |
|a Eng
|
| 082 |
1 |
4 |
|a 428
|b R200A
|
| 245 |
1 |
0 |
|a Reading activities
|c Nina Filipek, John Oldstone (tác giả); John Haslam, Sheryl Bone, Jenny Tulip (minh họa); Lê Huy Lâm (dịch)
|b Vui học đọc
|
| 260 |
# |
# |
|a T.P. Hồ Chí Minh
|b Tổng hợp T.P. Hồ Chí Minh
|c 2007
|
| 300 |
# |
# |
|a 144 tr.
|c 21 cm.
|
| 490 |
# |
# |
|a I can learn
|
| 500 |
# |
# |
|a Copyright by Egmont UK, 2006
|
| 653 |
# |
# |
|a Ngôn ngữ
|
| 653 |
# |
# |
|a Học đọc
|
| 653 |
# |
# |
|a Bài tập
|
| 653 |
# |
# |
|a Tiếng Anh
|
| 653 |
# |
# |
|a Từ vựng
|
| 700 |
1 |
# |
|a Bone, Sheryl
|e Minh họa
|
| 700 |
1 |
# |
|a Filipek, Nina
|e Tác giả
|
| 700 |
1 |
# |
|a Haslam, John
|e Minh họa
|
| 700 |
1 |
# |
|a Lê, Huy Lâm
|e Dịch
|
| 700 |
1 |
# |
|a Oldstone, John
|e Tác giả
|
| 700 |
1 |
# |
|a Tulip, Jenny
|e Minh họa
|
| 852 |
# |
# |
|b Kho giáo trình
|j KGT.0049638, KGT.0049639
|
| 852 |
# |
# |
|b Kho mượn
|j KGT.0049638
|
| 852 |
# |
# |
|b Kho đọc
|j KD.0016828
|
| 852 |
# |
# |
|j KD.0016828
|j KGT.0049639
|j KGT.0049638
|
| 910 |
0 |
# |
|d 11/9
|a kchi
|
| 980 |
# |
# |
|a Trung tâm Học liệu Lê Vũ Hùng, Trường Đại học Đồng Tháp
|